01095nas a2200265Ia 4500001001100000003000900011008004100020040001300061040001300074041001300087100003800100210001000138222001000148245008600158250001100244260004100255501008600296300001800382362003500400500026200435650003900697700002000736700002000756700005300776R455/G2888IT-RoPAU151124c99999999xx |||||||||||| ||und|| aIT-RoPAU cIT-RoPAU aITALIANO aAA.VV. gCodice Aut. SPICS: 12000 aJESUS aJesus aJESUS, ANNO 22-N.02 (FEBBRAIO 2000)bDossier: Il Concilio E' Ancora Davanti A Noi a1a ed. aALBA (CN)bPERIODICI SAN PAOLOc2000 bPaulus - SPICS - Società San Paolo EM (non-commercial uses only)cCopyright2015 a13 p. [49-61] aANNO 022, N.02 (FEBBRAIO 2000) aGiubileo e Vaticano Ii: Cosa Resta Oggi di Quella Grande Primavera? L'Evento Continua Come Speranza nel Futuro di Alberto Melloni; Collegialità: Chiesa, Problema Femminile, Pluralismo di Vittoria Prisciandaro, con Intervista a D. Dianich; Laici Secondo P. aPASTORALEvPUBBLICAZIONE PERIODICA aFerro' Giovanni aMarras Vincenzo gCodice Aut. SPICS: 54336Codice Aut. SPICS: 51323